| 000 | 00833nam a22002417a 4500 | ||
|---|---|---|---|
| 005 | 20170124110212.0 | ||
| 010 | _aA-226966 | ||
| 020 | _c15.25 | ||
| 035 | _aA-226966 | ||
| 037 | _bCen Lib/Ret | ||
| 040 |
_aDPL _bEN |
||
| 082 |
_a027.7 _bSRI |
||
| 100 |
_aSrivastava, Shyam Nath _973477 |
||
| 245 |
_aUniversity libraries in India : _cby Shyam Nath Srivastava [and] Subash Chandra Verma _btheir organisation and administration / |
||
| 260 |
_bSterling Publishers _aNew Delhi _c1980 |
||
| 270 |
_bNew Delhi _aAB/9, Safdarjang Enclave _e110029 |
||
| 300 |
_aviii,351p. _c22cm(Hb) |
||
| 500 | _aIncludes bibliographical references and index | ||
| 650 |
_aAcademic libraries -- India _938349 |
||
| 650 |
_aAcademic libraries _92640 |
||
| 700 |
_aVerma, Subash Chandra _96295 |
||
| 942 |
_2ddc _cEN _h027.7 _mSRI |
||
| 999 |
_c133584 _d133584 |
||